000 00270nam a2200109Ia 4500
008 190907s9999||||xx |||||||||||||| ||und||
100 _aCraig Glenday
245 0 _aGuinness World Records 2011
260 _aKarachi
_bSMIU University
_c2003
300 _a2011
942 _cBK
999 _c6500
_d6500